| 000 | 00461nam a2200193Ia 4500 | ||
|---|---|---|---|
| 005 | 20241107003848.0 | ||
| 008 | 240331s9999 xx 000 0 und d | ||
| 020 | _a | ||
| 082 |
_bIBE _a823 |
||
| 100 | _aIbsenb H | ||
| 245 | 4 | _aThe league of youth a doll's house the lady from the sea | |
| 260 |
_aNew Zealand _bPenguin Books _c1965 |
||
| 300 | _a335 p ., | ||
| 650 | _aWomen | ||
| 650 | _aSocial | ||
| 650 | _aSociety | ||
| 650 | _aDrama | ||
| 942 | _cL | ||
| 999 |
_c3407 _d3407 |
||